(Record no. 186808)

MARC details
000 -LEADER
fixed length control field 00439nam a2200157Ia 4500
003 - CONTROL NUMBER IDENTIFIER
control field IQ-KOUCL
041 ## - LANGUAGE CODE
Language code of text/sound track or separate title Kurdish
082 ## - DEWEY DECIMAL CLASSIFICATION NUMBER
Classification number 891,8 cut-229 ب
100 ## - MAIN ENTRY--PERSONAL NAME
Personal name 20260118u\\\\\\\\\\\y0engy0103\\\\ba
Personal name پێشرەوى سەید برایمى
245 #0 - TITLE STATEMENT
Title رەهەندە گەپەکانى پێشمەرکایەتیم
250 ## - EDITION STATEMENT
Edition statement چ1
260 ## - PUBLICATION, DISTRIBUTION, ETC. (IMPRINT)
Name of publisher, distributor, etc جابخابەى شەهاب
Place of publication, distribution, etc هەولیر
Date of publication, distribution, etc 2011
300 ## - PHYSICAL DESCRIPTION
Extent 341
942 ## - ADDED ENTRY ELEMENTS (KOHA)
Koha item type Books
Holdings
Withdrawn status Lost status Damaged status Not for loan Collection code Home library Current library Shelving location Date acquired Total Checkouts Full call number Barcode Date last seen Copy number Price effective from Koha item type
          Koya University Central Library Koya University Central Library Books 18/01/2026   891,8 cut-229 ب 0000090411 18/01/2026 1 18/01/2026 Books